00924nam a2200229 4500001000700000003000900007005001700016007000300033008004100036080001500077100004000092245015300132260003100285300002200316490004600338650004200384700004100426830005400467852003200521999001900553952012200572144909ES-MaACL20250808232831.0t|070214s1968 sp r ||||1| spa d a347.65(02)1 aSimó Santonja, Vicente L.910650210aDerecho sucesorio comparado b: conflictos de leyes en materia de sucesiones / cVicente L. Simó Santonja ; prólogo de Juan Vallet de Goytisolo. aMadrid : bTecnos, c1968. a694 p. ; c21 cm.1 aBiblioteca Tecnos de Estudios Jurídicos 7aHerencias y sucesiones2embne91358831 aVallet de Goytisolo, Juan B.91129060 aBiblioteca Tecnos de Estudios Jurídicos9181636 aES-MaACLjC-34646 bR.67190 c144909d144909 00104070aATENEOMbATENEOMcDEPO2d2008-01-17eSCl0oC-34646p1151201r2023-02-23 00:00:00w2023-02-23yMONOGRAFIA